Calculus of variations /
Guardado en:
| Autor Principal: | |
|---|---|
| Formato: | Libro |
| Idioma: | English Russian |
| Publicado: |
London : Reading, Mass. :
Pergamon Press ; Addison-Wesley,
1962.
|
| Series: | Adiwes international series in mathematics
International series of monographs in pure and applied mathematics ; 19 |
| Etiquetas: |
Agregar Etiqueta
Sin Etiquetas, Sea el primero en etiquetar este registro!
|
| LEADER | 00786nam a22002175a 4500 | ||
|---|---|---|---|
| 001 | MAT.inmabb001076 | ||
| 008 | 031120s1962####enk###########001#0#eng#d | ||
| 005 | 20160801174044.0 | ||
| 245 | 1 | 0 | |a Calculus of variations / |c by L. E. Elsgolc. |
| 260 | |a London : |b Pergamon Press ; |a Reading, Mass. : |b Addison-Wesley, |c 1962. | ||
| 300 | |a 178 p. ; |c 23 cm. | ||
| 440 | 0 | |a Adiwes international series in mathematics | |
| 440 | 0 | |a International series of monographs in pure and applied mathematics ; |v 19 | |
| 500 | |a Traducción del original en ruso. | ||
| 510 | 4 | |a MR, |c 24 #A286 | |
| 100 | 1 | |a El´sgol´ts, L. E. |q (Lev Ernestovich) | |
| 084 | |a 49-01 |2 msc2000 | ||
| 041 | 1 | |a eng |h rus | |
| 044 | |a enk |a mau | ||
| 859 | |h 49 |i El49 |p A-1037 |b BIB. MATEMATICA | ||
| 859 | |h 49 |i El49 |p A-1528 |t Ej. 2 |b BIB. MATEMATICA | ||
